Charles Freer Andrews (Record no. 1226249)

MARC details
000 -LEADER
fixed length control field 00533nam a2200193Ia 4500
008 - FIXED-LENGTH DATA ELEMENTS--GENERAL INFORMATION
fixed length control field 151121s9999||||xx |||||||||||||| ||und||
082 ## - DEWEY DECIMAL CLASSIFICATION NUMBER
Classification number 920/CHA
082 ## - DEWEY DECIMAL CLASSIFICATION NUMBER
Item number HNW-32913
100 ## - MAIN ENTRY--PERSONAL NAME
Personal name Chaturvedi B। & Sykes M।
245 ## - TITLE STATEMENT
Title Charles Freer Andrews
260 ## - PUBLICATION, DISTRIBUTION, ETC. (IMPRINT)
Name of publisher, distributor, etc "Pub। Division Govt। Of India, London।"
260 ## - PUBLICATION, DISTRIBUTION, ETC. (IMPRINT)
Date of publication, distribution, etc --
300 ## - PHYSICAL DESCRIPTION
Extent 334
600 ## - SUBJECT ADDED ENTRY--PERSONAL NAME
Personal name Chaturvedi B। & Sykes M।
630 ## - SUBJECT ADDED ENTRY--UNIFORM TITLE
Uniform title Charles Freer Andrews
700 ## - ADDED ENTRY--PERSONAL NAME
Personal name Chaturvedi B। & Sykes M।
730 ## - ADDED ENTRY--UNIFORM TITLE
Uniform title Charles Freer Andrews
942 ## - ADDED ENTRY ELEMENTS (KOHA)
Koha item type Book
Holdings
Withdrawn status Lost status Damaged status Not for loan Home library Current library Date acquired Cost, normal purchase price Total Checkouts Full call number Barcode Date last seen Cost, replacement price Price effective from Koha item type
        Hirachand Nemchand Wachanalaya, Solapur Hirachand Nemchand Wachanalaya, Solapur 11/21/2015 10.00   HNW-32913 HNW-32913 11/21/2015 10.00 11/21/2015 Book